Top Defenceman from Each NHL Team - Statistics

General Stats
  • This quiz has been taken 28 times
    5 since last reset
  • The average score is 23 of 32
Answer Stats
Team Nationality Norris? Defenceman % Correct
Rangers USA 1 Adam Fox
100%
Avalanche Canada 2 Cale Makar
100%
Bruins USA X Charlie McAvoy
100%
Devils Canada X Dougie Hamilton
100%
Oilers Canada X Evan Bouchard
100%
Jets Canada X Josh Morrissey
100%
Canadiens USA X Lane Hutson
100%
Mammoth Russia X Mikhail Sergachev
100%
Maple Leafs Canada X Morgan Rielly
100%
Red Wings Germany X Moritz Seider
100%
Wild USA 1 Quinn Hughes
100%
Sabres Sweden X Rasmus Dahlin
100%
Predators Switzerland 1 Roman Josi
100%
Panthers USA X Seth Jones
100%
Golden Knights Canada X Shea Theodore
100%
Blue Jackets USA 1 Zach Werenski
100%
Hurricanes USA X Jaccob Slavin
75%
Capitals USA/Canada X Jakob Chychrun
75%
Islanders Canada X Matthew Schaefer
75%
Stars Finland X Miro Heiskanen
75%
Flyers Canada X Travis Sanheim
75%
Blackhawks USA X Alex Vlasic
50%
Blues Canada X Colton Parayko
50%
Lightning Canada X Darren Raddysh
50%
Penguins Sweden 3 Erik Karlsson
50%
Kraken Canada X Brandon Montour
25%
Kings Canada X Brandt Clarke
25%
Sharks Russia X Dmitry Orlov
25%
Canucks Czechia X Filip Hronek
25%
Ducks USA X Jackson LaCombe
25%
Senators USA X Jake Sanderson
25%
Flames Canada X Kevin Bahl
0%
No matching quizzes found
Score Distribution
Percent of People with Each Score
Percentile by Number Answered
Your Score History
You have not taken this quiz since the last reset